Slovenský jazykový purizmus vo svetle štatistiky k I.-VII. ročníku Slovenskej reči

Bibliographic Details
Main Author: Jánsky, L. M., 1914-1989 (Author)
Format: Book
Language:Slovak
PhysicalDescription:11 strán diagramy 25 cm
Published: Bratislava Erudita Societas Slovaca - Slovenská Učená Spoločnosť 1940
Series:Knižnica Linguistica Slovaca
Subjects:

MARC

LEADER 00000nam a2200000 4500
001 vtls011919509
003 SK-MaSNL
005 20260301225400.0
008 250313s1940 xo d grn2 010 0 slo
015 |a SNBA1940 
020 |q (brožované) 
035 |a urn:nbn:sk:snk-am00dypq 
035 |a urn:nbn:sk:snk-am3i9pv 
035 |a 6EF1A42E-45A0-4A32-8B1C-F86CA7364805 
040 |a SNK  |b slo  |c SNK  |e rda 
041 0 |a slo 
044 |a xo  |c SK 
072 7 |a 811.162.4  |x Slovenčina  |2 konspekt 
080 |a 811.162.4  |2 2011 
080 |a (04)  |2 2011 
080 |a 81'271.2  |2 2001 
080 |a (048.8)  |2 2011 
100 1 |a Jánsky, L. M.,  |d 1914-1989  |4 aut  |9 207980 
245 1 0 |a Slovenský jazykový purizmus vo svetle štatistiky  |b k I.-VII. ročníku Slovenskej reči  |c L.M. Jánský 
264 1 |a Bratislava  |b Erudita Societas Slovaca - Slovenská Učená Spoločnosť  |c 1940 
264 3 |a Turčiansky Sv. Martin  |b Kníhtlačiarsky účastinársky spolok 
300 |a 11 strán  |b diagramy  |c 25 cm 
336 |a text  |b txt  |2 rdacontent 
337 |a bez média  |b n  |2 rdamedia 
338 |a zväzok  |b nc  |2 rdacarrier 
490 1 |a Knižnica Linguistica Slovaca  |v sväzok 6 
500 |a Odtlačok z Knižnice Linguistica Slovaca sv. 6, 1940 
504 |a Obsahuje bibliografické odkazy a poznámky 
630 0 7 |a Slovenská reč (časopis)  |2 SNKPH  |9 618883 
650 0 7 |a slovenčina  |2 SNKPH  |9 1350 
650 0 7 |a Slovak language  |2 SNKPHeng  |9 266031 
650 0 7 |a purizmus  |2 SNKPH  |9 112804 
650 0 7 |a Language purism  |2 SNKPHeng  |9 424535 
655 7 |a separáty  |2 SNKPH  |9 70334 
655 7 |a Offprints  |2 SNKPHeng  |9 332606 
655 7 |a štúdie  |2 SNKPH  |9 57033 
655 7 |a Studies  |2 SNKPHeng  |9 265573 
787 0 8 |i Odtlačok z:  |t Knižnica Linguistica Slovaca  |g Sväzok 6, 1940 
830 0 |a Knižnica Linguistica Slovaca  |9 470618 
852 |a Slovenská národná knižnica 
958 |a NB 
958 |a OND 
999 |c 950685  |d 952615 
952 |a SNK  |b SNK  |y PREZ  |7 0  |p 17A0845582  |o snkSC 13677  |i snkKSF 2418/59  |8 5  |z S venovaním a podpisom autora  |0 0  |1 0  |4 0  |d 2020-02-24  |f 1  |l 0  |r 2025-07-16 00:00:00  |w 2026-02-24